000
00231 a2200085 4500
020
_a
978-93-84204-21-1
100
_a
Council of Architecture
245
_a
Documenting architectural heritage 2021
260
_b
Council of Architecture
_c
2023
999
_c
12656
_d
12656